书目信息 |
| 题名: |
概率论基础教程
|
|
| 作者: | 罗斯 著 ;梁宝生 , 童行伟 译 | |
| 分册: | ||
| 出版信息: | 北京 机械工业出版社 2022.03 |
|
| 页数: | 451页 | |
| 开本: | 24cm | |
| 丛书名: | 华章数学译丛 | |
| 单 册: | ||
| 中图分类: | O211 | |
| 科图分类: | ||
| 主题词: | 概率论--gai lv lun--教材 | |
| 电子资源: | ||
| ISBN: | 978-7-111-69856-2 | |
| 000 | 01221oam2 2200313 450 | |
| 001 | 011025150621 | |
| 005 | 20221025150621.0 | |
| 010 | @a978-7-111-69856-2@dCNY99.00 | |
| 100 | @a20201004d2022 em y0chiy50 ea | |
| 101 | 1 | @achi@ceng |
| 102 | @aCN@b110000 | |
| 105 | @ay z 001yy | |
| 106 | @ar | |
| 200 | 1 | @a概率论基础教程@Agai lv lun ji chu jiao cheng@dA first course in probability@f(美) 谢尔登·M. 罗斯(Sheldon M. Ross) 著@g梁宝生, 童行伟译@zeng |
| 210 | @a北京@c机械工业出版社@d2022.03 | |
| 215 | @a451页@d24cm | |
| 225 | 2 | @a华章数学译丛@Ahua zhang shu xue yi cong@v78 |
| 300 | @a华章教育Pearson | |
| 305 | @aPearson Education(培生教育出版集团)授权出版 据原书第10版译出 | |
| 330 | @a本书介绍了概率论的基础知识及其应用,涵盖组合分析、概率论公理、条件概率、离散型随机变量、连续型随机变量、随机变量的联合分布、期望的性质、极限定理和模拟等。 | |
| 410 | 0 | @12001 @a华章数学译丛 |
| 510 | 1 | @aFirst course in probability@zeng |
| 606 | 0 | @a概率论@Agai lv lun@j教材 |
| 690 | @aO211@v5 | |
| 701 | 0 | @c(美)@a罗斯@Aluo si@g(Ross, Sheldon M.)@4著 |
| 702 | 0 | @a梁宝生@Aliang bao sheng@4译 |
| 702 | 0 | @a童行伟@Atong hang wei@4译 |
| 801 | 0 | @aCN@c20221025 |
| 905 | @a河南城建学院图书馆@dO211@eX430 | |
| 概率论基础教程=A first course in probability/(美) 谢尔登·M. 罗斯(Sheldon M. Ross) 著/梁宝生, 童行伟译.-北京:机械工业出版社,2022.03 |
| 451页;24cm.-(华章数学译丛;78) |
| 华章教育Pearson |
| ISBN 978-7-111-69856-2:CNY99.00 |
| 本书介绍了概率论的基础知识及其应用,涵盖组合分析、概率论公理、条件概率、离散型随机变量、连续型随机变量、随机变量的联合分布、期望的性质、极限定理和模拟等。 |
| ● |
| 相关链接 |
|
|
|
正题名:概率论基础教程
索取号:O211/X430
 
预约/预借
| 序号 | 登录号 | 条形码 | 馆藏地/架位号 | 状态 | 备注 |
| 1 | 1584801 | 215848019 | 自科库401/401自科库 47排4列5层/ [索取号:O211/X430] | 在馆 | |
| 2 | 1584802 | 215848028 | 自科库401/401自科库 47排4列5层/ [索取号:O211/X430] | 在馆 |